| 000 | 00738nam a22002297a 4500 | ||
|---|---|---|---|
| 003 | UA-OsUOA | ||
| 001 | 89318 | ||
| 007 | ta | ||
| 008 | 20121105b un ||||| |||| 00| 0 ukr d | ||
| 090 | _a355/359(477) | ||
| 942 | _cBK | ||
| 040 |
_aUA-OsUOA _bukr _cUA-OsUOA _dUA-OsUOA |
||
| 245 |
_aЗбройні сили України: 20 років на захисті суверенітету держави _bфотоальбом _cпід заг. ред Педченка Г. М.. |
||
| 300 | _a200 с. | ||
| 955 | _a4 | ||
| 041 | _aukr | ||
| 080 | _a355/359(477) | ||
| 020 | _a978-966-96973-9-4 | ||
| 260 |
_aК. _bПрес-КІТ _c2011 |
||
| 650 | 7 |
_a355/359 Військові науки. Збройні сили _2UDC |
|
| 999 |
_c375538 _d375538 |
||